Catalog

Record Details

Catalog Search



Wind Energy Meteorology Atmospheric Physics for Wind Power Generation  Cover Image E-book E-book

Wind Energy Meteorology [electronic resource] : Atmospheric Physics for Wind Power Generation / by Stefan Emeis.

Emeis, Stefan. (author.). SpringerLink (Online service) (Added Author).

Record details

  • ISBN: 9783642305238
  • Physical Description: XIV, 196 p. 94 illus., 16 illus. in color. online resource.
  • Publisher: Berlin, Heidelberg : Springer Berlin Heidelberg : 2013.
Subject: Physics.
Meteorology.
Renewable energy sources.
Physical geography.
Physics.
Geophysics and Environmental Physics.
Renewable and Green Energy.
Meteorology/Climatology.
Environmental Physics.
Energy Efficiency (incl. Buildings).
Renewable and Green Energy.

Electronic resources


LDR 01741nam a22004695i 4500
00141949
003CONS
00520130727032420.0
007cr nn 008mamaa
008120725s2013 gw | s |||| 0|eng d
020 . ‡a9783642305238 ‡9978-3-642-30523-8
0247 . ‡a10.1007/978-3-642-30523-8 ‡2doi
035 . ‡a(DE-He213)978-3-642-30523-8
050 4. ‡aQC801-809
072 7. ‡aPHVG ‡2bicssc
072 7. ‡aTQ ‡2bicssc
072 7. ‡aSCI032000 ‡2bisacsh
1001 . ‡aEmeis, Stefan. ‡eauthor.
24510. ‡aWind Energy Meteorology ‡h[electronic resource] : ‡bAtmospheric Physics for Wind Power Generation / ‡cby Stefan Emeis.
264 1. ‡aBerlin, Heidelberg : ‡bSpringer Berlin Heidelberg : ‡bImprint: Springer, ‡c2013.
300 . ‡aXIV, 196 p. 94 illus., 16 illus. in color. ‡bonline resource.
336 . ‡atext ‡btxt ‡2rdacontent
337 . ‡acomputer ‡bc ‡2rdamedia
338 . ‡aonline resource ‡bcr ‡2rdacarrier
347 . ‡atext file ‡bPDF ‡2rda
4901 . ‡aGreen Energy and Technology, ‡x1865-3529
650 0. ‡aPhysics.
650 0. ‡aMeteorology.
650 0. ‡aRenewable energy sources.
650 0. ‡aPhysical geography.
65014. ‡aPhysics.
65024. ‡aGeophysics and Environmental Physics.
65024. ‡aRenewable and Green Energy.
65024. ‡aMeteorology/Climatology.
65024. ‡aEnvironmental Physics.
65024. ‡aEnergy Efficiency (incl. Buildings).
65024. ‡aRenewable and Green Energy.
7102 . ‡aSpringerLink (Online service)
7730 . ‡tSpringer eBooks
77608. ‡iPrinted edition: ‡z9783642305221
830 0. ‡aGreen Energy and Technology, ‡x1865-3529
85640. ‡uhttp://biblioteca.ipicyt.edu.mx:2048/login?url=http://dx.doi.org/10.1007/978-3-642-30523-8 ‡yTexto completo ‡9CONS
950 . ‡aEnergy (Springer-40367)
901 . ‡a41949 ‡b ‡c41949 ‡tbiblio ‡sSystem Local

Additional Resources